تفھیر القران (Record no. 64746)

MARC details
000 -LEADER
fixed length control field 00320nam a22001217a 4500
082 ## - DEWEY DECIMAL CLASSIFICATION NUMBER
Classification number ۲۹۷.۱۶ م ا ء
100 ## - MAIN ENTRY--AUTHOR NAME
Personal name سید ابوالاعلی مودودی
245 ## - TITLE STATEMENT
Title تفھیر القران
250 ## - EDITION STATEMENT
Edition statement جلد اول
260 ## - PUBLICATION, DISTRIBUTION, ETC. (IMPRINT)
Place of publication لاھور
Name of publisher ترجمان قران
Year of publication ۱۹۸۲
300 ## - PHYSICAL DESCRIPTION
Number of Pages ۶۶۴
942 ## - ADDED ENTRY ELEMENTS (KOHA)
Koha item type Books
Holdings
Withdrawn status Lost status Home library Current library Date acquired Full call number Accession Number Koha item type
    Reference Section Reference Section 26/06/2019 ۲۹۷.۱۶ م ا ء (Shelf - 18D) R13231 Books